00341nam a2200121Ia 4500008004100000020002200041041000800063082002500071100002100096245005600117260003700173300000900210230411s9999 xx 000 0 und d a978-93-5025-137-9 aeng aAD/371.33/BAS/B06589 aBasavanthappa BT aCommunication and Educational Technology for Nurses bJaypee BrothersaBangalorec2011 a374p